Statistics for Guess The Countries By Flag Starting With C

Click here to take the quiz!

General Stats

  • This quiz has been taken 11 times
  • The average score is 15 of 17

Answer Stats

Answer% Correct
Canada
100%
China
100%
Colombia
100%
Congo
100%
Costa Rica
100%
Cuba
100%
Cambodia
91%
Chad
91%
Chile
91%
Croatia
91%
Cyprus
91%
Czechia
91%
Cameroon
82%
Cote d'Ivoire
82%
Central African Republic
73%
Comoros
73%
Cabo Verde
36%

Score Distribution

Percentile by Number Answered

Percent of People with Each Score

Your Score History

You have not taken this quiz